000 00275nam a2200109Ia 4500
008 200302s9999 xx 000 0 und d
100 _aTeiji Itoh & Other
245 _aThe Roots of Japanese Architecture
260 _bHarper & Row Publishers
260 _c9162
300 _a207 P.,
999 _c123
_d123